00442pab a2200145 454500008004000000245007500040260000900115300001200124362000800136650002000144773001200164909001000176999001700186952009300203180718b2000 xxu||||| |||| 00| 0 eng d aUNHEALTHY trends: a symposium on the state of our public health system c2000 ap.12-70 aMay aHealth services aSeminar a44748 c44748d44748 00104070aIIPAbIIPAd2018-07-19hIssue no: (489)pAR45160r2018-07-19w2018-07-19yAR